| 000 | 00755mam a2200205 a 4500 | ||
|---|---|---|---|
| 020 | _a0550102507 (Standard) | ||
| 082 |
_a423 _bCHA |
||
| 245 | 0 | 0 |
_aChambers English dictionary / _cconsultant editors, Sidney Landau, W.S. Ramson ; editors, Catherine Schwarz ... [et al.] ; assistant editors, Pandora Kerr Frost ... [et al.]. |
| 260 |
_aEdinburgh : _bChambers, _c1992. |
||
| 300 |
_axvi, 1583 p. ; _c26 cm. |
||
| 500 | _aRev. ed. of: Chambers 20th century dictionary. 1983. | ||
| 526 |
_a0 _b0 _c0 _d423_000000000000000_CHA |
||
| 650 | 0 | _aEnglish language | |
| 650 | 0 |
_aMCE _9379 |
|
| 700 | 1 |
_aFrost, Pandora Kerr. _947117 |
|
| 700 | 1 |
_aLandau, Sidney I. _947118 |
|
| 700 | 1 |
_aRamson, W. S. _947119 |
|
| 700 | 1 |
_aSchwarz, C. M. _947120 |
|
| 942 |
_2ddc _cBK |
||
| 999 |
_c550413 _d550413 |
||